000 00977nam a2200253Ia 4500
003 OSt
005 20221005105836.0
006 a|||||r|||| 00| 0
007 ta
008 221004b |||||||| |||| 00| 0 hin d
020 _a9788126023462 (pbk)
_c400
024 _a93023
037 _b525, 19/03/2009, Vani Prakashan
_cTextual
040 _aCRL
_cCRL
_bhin
041 _2hin
_ahin
082 _aV2:51.M5, 152P8
100 _aअरूण प्रकाश, संपा.
245 0 _aतोड़ो ग़ुलामी की ज़ंजीरे
_b1857
246 _aToड़o ग़ulāmī kī ज़anjīre: 1857: vimarsha, lok - smṛuti aur sāhitya
260 _aनई दिल्ली
_bसाहित्य अकादमी भारत
_c2008
300 _a138पृ0
_ccm.
942 _hV2:51.M5, 152P8
_cTEXL
_2cc
999 _c1017059
_d1017059